Największe gospodarki 2022 - 1/2 - Statystyki

Ogólne statystyki
  • Ten quiz został rozwiązany 90 razy
  • Średni wynik to 22 z 25
Statystyki odpowiedzi
PKB Kraj % Poprawnych
18,650,669 Chiny
99%
4,527,210 Niemcy
99%
1,783,008 Rosja
99%
23,922,822 Stany Zjednoczone
99%
2,027,395 Kanada
97%
753,265 Polska
97%
2,255,582 Brazylia
95%
3,099,755 Francja
95%
1,627,103 Hiszpania
95%
3,924,107 Indie
95%
6,133,859 Japonia
95%
3,142,339 Wielka Brytania
94%
1,424,472 Meksyk
91%
2,200,656 Włochy
91%
1,929,803 Korea Południowa
90%
1,630,072 Australia
87%
643,145 Szwecja
85%
1,399,115 Indonezja
82%
987,577 Turcja
81%
1,032,965 Holandia
80%
847,555 Arabia Saudyjska
77%
808,540 Szwajcaria
76%
613,936 Nigeria
59%
610,266 Tajlandia
58%
713,242 Tajwan
52%
Nie znaleziono quizów pasujących do podanych kryteriów
Rozkład punktacji
Procent ludzi z każdym wynikiem
Percentyl według liczby udzielonych odpowiedzi
Twoja historia wyników
Nie rozwiązałeś tego quizu